The history of the World-Conqueror, Vol.-1 / (Record no. 23282)

MARC details
000 -LEADER
fixed length control field 01189cam a22003011 4500
001 - CONTROL NUMBER
control field 9348014
003 - CONTROL NUMBER IDENTIFIER
control field BDDh-ASL
005 - DATE AND TIME OF LATEST TRANSACTION
control field 20231015030223.0
008 - FIXED-LENGTH DATA ELEMENTS--GENERAL INFORMATION
fixed length control field 750812s1958 maubfj b 000 0beng
010 ## - LIBRARY OF CONGRESS CONTROL NUMBER
LC control number 58003240
035 ## - SYSTEM CONTROL NUMBER
System control number (OCoLC)1540506
040 ## - CATALOGING SOURCE
Original cataloging agency DLC
Transcribing agency FM
Modifying agency OCoLC
-- NcRS
-- DLC
-- BDDh-ASL
041 1# - LANGUAGE CODE
Language code of text/sound track or separate title eng
Language code of original per
050 00 - LIBRARY OF CONGRESS CALL NUMBER
Classification number DS22
Item number .J8813 1958b
082 00 - DEWEY DECIMAL CLASSIFICATION NUMBER
Classification number 950.2
-- B
Item number JUH
100 1# - MAIN ENTRY--PERSONAL NAME
Personal name Juvaynī, ʻAlāʾ al-Dīn ʻAṭā Malik,
Dates associated with a name 1226-1283.
240 10 - UNIFORM TITLE
Uniform title Tarīkh-i Jahāngushā.
Language of a work English
245 04 - TITLE STATEMENT
Title The history of the World-Conqueror, Vol.-1 /
Statement of responsibility, etc. by ʻAla-ad-Din ʻAta-Malik Juvaini. Translated from the text of Mirza Muhammad Qazvini by John Andrew Boyle.
260 ## - PUBLICATION, DISTRIBUTION, ETC.
Place of publication, distribution, etc. Cambridge, Mass.:
Name of publisher, distributor, etc. Harvard University Press,
Date of publication, distribution, etc. 1958.
300 ## - PHYSICAL DESCRIPTION
Extent v-1, 361 p. :
Other physical details plates, fold. maps, geneal. tables.
Dimensions 23 cm.
440 #0 - SERIES STATEMENT/ADDED ENTRY--TITLE
Title UNESCO collection of representative works.
Name of part/section of a work Persian series
500 ## - GENERAL NOTE
General note Translation of Tārīkh-e Jahāngoshā (transliterated).
504 ## - BIBLIOGRAPHY, ETC. NOTE
Bibliography, etc. note Bibliography: v. 1, p. xxxix-xlv.
600 00 - SUBJECT ADDED ENTRY--PERSONAL NAME
Personal name Genghis Khan,
Dates associated with a name 1162-1227.
700 1# - ADDED ENTRY--PERSONAL NAME
Personal name Boyle, John Andrew,
Relator term ed. and tr.
906 ## - LOCAL DATA ELEMENT F, LDF (RLIN)
a 7
b cbc
c oclcrpl
d u
e ncip
f 19
g y-gencatlg
942 ## - ADDED ENTRY ELEMENTS (KOHA)
Source of classification or shelving scheme Dewey Decimal Classification
Koha item type Books
Holdings
Withdrawn status Lost status Source of classification or shelving scheme Damaged status Not for loan Collection code Home library Current library Shelving location Date acquired Source of acquisition Serial Enumeration / chronology Total Checkouts Full call number Barcode Date last seen Copy number Price effective from Koha item type Public note
    Dewey Decimal Classification     Non-fiction Asiatic Society Library Asiatic Society Library General Stacks 03/22/2021 ASB Library Collections V-1   950.2 JUH 107696 03/22/2021 C-1 03/22/2021 Books RARE

Powered by Koha